|
|
|
|
| LEADER |
01599nam a2200421 a 4500 |
| 001 |
EBC167401 |
| 003 |
MiAaPQ |
| 005 |
20200520144314.0 |
| 006 |
m o d | |
| 007 |
cr cn||||||||| |
| 008 |
940329s1994 enk sb 001 0 eng |
| 010 |
|
|
|z 94014950
|
| 020 |
|
|
|z 0415114284
|
| 035 |
|
|
|a (MiAaPQ)EBC167401
|
| 035 |
|
|
|a (Au-PeEL)EBL167401
|
| 035 |
|
|
|a (CaPaEBR)ebr10017271
|
| 035 |
|
|
|a (CaONFJC)MIL3638
|
| 035 |
|
|
|a (OCoLC)437077116
|
| 040 |
|
|
|a MiAaPQ
|c MiAaPQ
|d MiAaPQ
|
| 050 |
|
4 |
|a HC240
|b .E858 1994
|
| 082 |
0 |
4 |
|a 338.94
|2 20
|
| 245 |
0 |
0 |
|a Europe's economic challenge
|h [electronic resource] :
|b analyses of industrial strategy and agenda for the 1990s /
|c edited by Patrizio Bianchi, Keith Cowling, and Roger Sugden.
|
| 260 |
|
|
|a London ;
|a New York :
|b Routledge,
|c 1994.
|
| 300 |
|
|
|a xxi, 216 p.
|
| 490 |
1 |
|
|a Industrial economic strategies for Europe
|
| 504 |
|
|
|a Includes bibliographical references and index.
|
| 533 |
|
|
|a Electronic reproduction. Ann Arbor, MI : ProQuest, 2015. Available via World Wide Web. Access may be limited to ProQuest affiliated libraries.
|
| 650 |
|
0 |
|a Industrial policy
|z Europe.
|
| 650 |
|
0 |
|a Industrial promotion
|z Europe.
|
| 651 |
|
0 |
|a Europe
|x Economic policy.
|
| 651 |
|
0 |
|a Europe
|x Commercial policy.
|
| 655 |
|
4 |
|a Electronic books.
|
| 700 |
1 |
|
|a Bianchi, Patrizio,
|d 1952-
|
| 700 |
1 |
|
|a Cowling, Keith.
|
| 700 |
1 |
|
|a Sugden, Roger.
|
| 710 |
2 |
|
|a ProQuest (Firm)
|
| 830 |
|
0 |
|a Industrial economic strategies for Europe.
|
| 856 |
4 |
0 |
|u https://ebookcentral.proquest.com/lib/matrademy/detail.action?docID=167401
|z Click to View
|